MDQL
is popping MORE tags! Check the
thread
!
Quizzes
Events
Quiz Creation
Community
Videos
Private Events
Remove Ads
Sign In
Join for FREE
Feedback
Dark Mode
Quiz Categories
Sports
Geography
Music
Movies
Television
Just For Fun
Miscellaneous
History
Literature
Language
Science
Gaming
Entertainment
Religion
Holiday
For Kids
Quiz Lab
Recent
Popular Today
Quiz Kudos Today
Editor Picks
Curator Picks
Quizzes by...
Day
Popularity
Type
Ratings
Length
Year
Community
Subscriptions
Recent Discussions
Orange Saloon
Badges
Playlists
Quests
Create
Leaderboards
Showdown
Live 5
Trivia Bingo
Activity
Puzzle Library
Sporcle Events
Private Events
Virtual Trivia
Globe League
Become a Host
Pub Owners
SporcleCon
Opinionation
Our Games
Videos
Blog
Mobile Apps
Partnerships
Remove Ads and Go Orange
Feedback
Religion
Mythology
Religious Music
World Religions
Bible
Christianity
Catholicism
Judaism
Church
Scripture
Islam
Verse
Religion
Mythology
Religious Music
World Religions
Bible
Christianity
Catholicism
Judaism
Church
Scripture
Islam
Verse
Random Quiz
Search Sporcle
×
Quiz Lab
Quiz Lab
Religion
Revision
Type in answers that appear in a list
Type in answers that appear in a list
Classic
Best Score? Go Orange.
Re revision quiz Stats
Can you name the answers to the Re quiz??
By
lidibob
20m
152 Questions
13 Plays
13 Plays
13 Plays
Comments
Comments
Give Quiz Kudos
Give Quiz Kudos
-
- Ratings
hide this ad
Random Order
Randomize order of answers
Randomize order of answers
Replay
Link that replays current quiz
Next Quiz
Link to next quiz in quiz playlist
You Got
0%
They Got
Avg Score
1%
Avg Friend Score
Upgrade to see
Score Distribution
Jump to the score distribution portion of the page
Score
0/152
Timer
20:00
0
Plays Today
Question
% Correct
Evangelicals believe that ge is playing
god
45.5%
The ten commandments say that you shouldnt
kill
36.4%
What is a reason why someone may use a mixture of authorities when making a moral decision?
may know what their conscience is telling them is wrong
27.3%
A third theory of punishment
retribution
27.3%
The hadith says muhhamed agreed with cp for _
_
_
_
_
_
_
_
murder
27.3%
quran drugs and alcohol are _
_
_
_
_
_
banned
18.2%
What is the inner feeling of the rightnes or wrongness of a situation?
Conscience
9.1%
evangelicals are against all forms of
ge
9.1%
The shaira _
_
_
_
_
_
says that cp is the _
_
_
_
_
_
_
_
_
_
for_
_
_
_
_
_
law punishment murder
9.1%
Jesus said take an eye_
_
_
_
_
_
_
_
_
should be replaced with turn the _
_
_
_
_
_
_
_
_
_
for an eye other cheek
9.1%
What is the idea that catholics should base moral decisions on what is the most loving thing to do?
Situation ethics
0%
What is the bible?
the holy book of christians
0%
What is the decalogue?
10 commandments
0%
What are the rights and freedoms to which everyone entitled?
human rights
0%
What is the electoral process?
the way in which voting is organised
0%
What is the way in which all citizens take part in the government?
the democratic process
0%
What is the golden rule?
the teaching of jesus that you should treat others as you would like to be treated
0%
What is the way in which society has changed is changing and will continue to change?
social change
0%
What is the community of christians?
the church
0%
What is a pressure group?
a group formed to influence the government on a particular issue
0%
What is a group that tries to win power based on its policies?
political party
0%
someone may turn to the bible when making a moral decision because
letters from leading saints inspired by the holy spirit
0%
What is a reason why someone may turn to the bible when making a moral decision?
recording of jesus life
0%
What is a reason why someone may turn to the bible when making a moral decision?
the ten commandments
0%
why might someone may turn to the bible when making a moral decision?
word of god dictated by god
0%
What is a reason why someone may turn to the church when making a moral decision?
the priest
0%
why someone may turn to the church when making a moral decision?
word of god on earth
0%
What is a reason why someone may turn to the church when making a moral decision?
community of christians
0%
What is a reason why someone may turn to the church when making a moral decision?
pope and magisterium have authority and control over the church
0%
What is a reason why someone might not turn to the bible when making a moral decision?
the bible maybe outdated
0%
What is a reason why someone may not turn to the bible when making a moral decision?
no info on that issue
0%
What is a reason why someone may not turn to the bible when making a moral decision?
bible interpreted at church so church has a higher authority
0%
Why someone may use situation ethics when making a moral decision?
love not law
0%
What is a reason why someone might use situation ethics when making a moral decision?
cant ignore consequences or your actions
0%
What is a reason why someone may use situation ethics when making a moral decision?
jesus used situation ethics when he healed the blind man on the sabbeth day
0%
What is a reason why someone may use situation ethics when making a moral decision?
love you neighbour
0%
What is a reason why you may use their conscience when making a moral decision?
direct word of god
0%
What is a reason why someone may use their conscience when making a moral decision?
The church says so
0%
What is a reason why someone would use their conscience when making a moral decision?
st paul and st thomas aquinas said it should be the final part of all moral decisions
0%
why someone may not use situation ethics when making a moral decision?
may not have all the info needed
0%
What is a reason why someone may not use situation ethics when making a moral decision?
what you thought was right may be wrong
0%
What is a reason why someone may not use situation ethics when making a moral decision?
god gave rules
0%
a reason why someone may not use situation ethics when making a moral decision?
Sermon on mount and 10 c say you should follow other christians
0%
What is a reason why someone may not use their conscience when making a moral decision?
they maybe mistaken about the word of god
0%
What is a reason why someone may not use their conscience when making a moral decision?
cant be in majority
0%
There are some christians who disagree with some human rights because:
they dont believe in the right to a family for homosexuals
0%
What is a reason why someone may not use their conscience when making a moral decision?
may know what their conscience is telling them is wrong
0%
why someone may not use their conscience when making a moral decision?
no clear guide if everyone used their conscience
0%
What is a reason why someone may use a mixture of authorities when making a moral decision?
bible may have no help on that issue
0%
What is a reason why someone may use a mixture of authorities when making a moral decision?
not enough info for situation ethics
0%
What is a reason why someone may use a mixture of authorities when making a moral decision?
may have to make a quick decision so cant use church
0%
Question
% Correct
Why are human rights important for christians?
right to life
0%
Why are human rights important for christians?
freedom of speech needed for processions
0%
human rights important for christians because
equality ensures christians are not unfairly treated
0%
Why are human rights important for christians?
justice is fair and fairness is the foundation if the religion
0%
Some christians disagree with human rights because
they think priests should be able to marry
0%
The veiw of some christans is that the right to marraiage shouldnt be allowed for all beacuse
of interfaith marriages
0%
voting is important for christian because
parable of sheep and goats
0%
voting is important for christian because
golden rule
0%
voting is important for christian because
brothers keeper
0%
voting is important for christian because
fought for right
0%
Some none religious people disagree with ge because
not enough info about long term effects
0%
There are some people who are not religious that dont agree with ge because
treat humas as plants
0%
A none religious person may not agree with ge because they may think it
gives too much power to scientist
0%
Some none religious people disagree with ge because
it may have perminent irreversable effects
0%
One evangelical view on ge is that
in it shouldnt be used at all
0%
Another evengalic view on ge is
heven shouldnt be brought abour on earth
0%
Christians believe ge shouldnt be allowed
as embroys should onnly be produced by intercouse
0%
Evangelicals believe ge is wrong because it goes against
gods will
0%
Christians believe ge is ok if
it cures disease
0%
Christians allow ge to cure disease because jesus was a
healer
0%
Christians allow ge to cure disease because
we are stewards of the earth
0%
liberals allow ge to cure disease because jesus was
a healer
0%
liberals allow ge to cure disease because
we are stewards of the earth
0%
liberals allow ge to cure disease because they believe creating cells is working
with god
0%
capital punishment is
the death sentence for a crime or offence
0%
rehabilliation is
restore to normal life
0%
the idea that punishments should try to change criminals so they wont commit crimes again
reform
0%
retribution
the idea that criminals should be made to pay for what they have done wrong
0%
a law is a rule
produced by parliament and enforcable by the courts
0%
sin
an act against the will of god
0%
crime
an act against the law
0%
detterance
the idea that punishments should try to put people of commiting crimes again
0%
judgement
the act of judging a person and their actions
0%
responsibility
being responsible for ones actions
0%
justice
due allocation of reward and punishment and the maintanence of what is right
0%
Addiction
a recurring compulsion to engage in an activity regardless of its bad effects
0%
One theory of punishment is
reform
0%
Another theory of punishment
protect
0%
A fourth punishment theory is
detterance
0%
One reason why we need laws is
Protection
0%
A second reseason for laws is
allow business to work
0%
We need laws to stop
chaos
0%
Laws are needed to organise
society
0%
Justice is important for catholics because
jubilee 2000
0%
Justice is important for catholics because
fairness and baisis of religion
0%
Justice is important for catholics because
god willl reward the just
0%
Justice is important for catholics because
bible and church make statements about importance
0%
Some catholics are against cp because
reform
0%
There are some catholics who are against cp because
innocent people
0%
There are some catholics who agree with cp because
if someone sheds your blood you should shed theirs
0%
Some muslims are against cp because
reform
0%
Question
% Correct
Some muslims are against cp because
innocent people
0%
Some muslims are against cp because
muhhamed said you will only be forgiven if you forgive
0%
There are some catholics who are against cp because
jesus said you will only be forgiven if you forgive
0%
Some catholics agree with cp for
protection
0%
there are some muslims against cp because
sets a bad example
0%
One christian attitude to drugs alcohol and tobbacco is
only in proportion
0%
a second christian attitude to drugs alcohol and tobbacco is
we shoul obey just laws
0%
some christians attitudes towards drugs alcohol and tobbacco is
jesus drunk wine at last super
0%
christian attitude to drugs alcohol and tobbacco
wine used in communion
0%
muslim attitude to drugs alcohol and tobbacco
nothing to do with sale drinking or production
0%
one muslim attitude to drugs alcohol and tobbacco is
tobacco not mention in quran
0%
a muslim attitude to drugs alcohol and tobbacco
satans way of stopping prayers
0%
muslim view on drugs alcohol and tobbacco
form of suicide
0%
The bible teaches that _
_
_
_
_
_
_
_
_
_
_
_
_
_
_
_
_
_
_
be produced by intercouse and no other method
embryos should only be
0%
St paul and st thomas quainas said that the conscience should
be the final part in all moral decision making
0%
The bible teaches that _
_
_
_
_
_
_
_
_
_
_
_
_
only be brought about on heaven
perfection should
0%
The catechism teaches that life begins_
_
_
_
_
_
_
_
_
_
_
_
at the moment of conception
0%
The rc cathechism teaches that ge goes _
_
_
_
_
_
_
_
_
_
_
_
_
_
against gods will
0%
In the bible god created life and only _
_
_
_
_
_
_
_
_
_
_
_
he can alter it
0%
Jesus taught that we should treat others as_
_
_
_
_
we would like to be treated
0%
Jesus said that in helping others you are _
_
_
_
_
_
_
_
_
helping him
0%
Desmond tut said that christianity should be from _
_
_
_
_
_
_
_
_
_
_
_
_
_
monday to monday
0%
The parable of the sheep_
_
_
_
_
_
_
_
_
_
_
jesus said that you should clothe_
_
_
_
_
_
_
_
_
_
_
_
_
_
_
_
_
_
_
_
_
the hungary and _
_
_
_
_
_
_
_
_
the homeless
and goats the naked feed shelter
0%
After killing_
_
_
_
_
_
_
_
_
_
_
cain said to god am i _
_
_
_
_
_
_
_
_
_
god _
_
_
_
_
_
_
_
that he was
able my brothers keeper ensured
0%
Jesus was _
_
_
_
_
_
wine on the cross and he _
_
_
_
_
_
_
offered sipped it
0%
Jesus said to _
_
_
_
_
_
_
that he could take a little wine for his _
_
_
_
_
_
_
_
timothy smomach
0%
St thomas said that a _
_
_
_
_
_
_
law should be made
just know to all for the good of all
0%
St thomas aquinas said we should obey_
_
_
_
_
_
_
_
_
just laws
0%
St thomas said that if a law isnt just it may lead to _
_
_
_
_
_
_
_
_
_
violence and a civil war
0%
St paul said we should obey gov and laws as they _
_
_
_
_
_
have been appointed by god
0%
The old testiment says we should obey _
_
_
_
_
_
_
_
_
just laws
0%
St thomas said that if a laws isnt just then people may stop obeying _
_
_
_
_
_
all laws
0%
The bible says that god is a god _
_
_
_
_
_
of justice
0%
Jesus said on the sermon on the mount that the god will be _
_
_
_
_
_
_
blessed
0%
Jesus said that those who arent just are not _
_
_
_
_
_
_
_
_
_
_
friends of god
0%
Jesus said you should take the _
_
_
_
_
_
_
_
_
_
_
_
your own eye _
_
_
_
_
_
trying to get the plank out of _
_
_
_
_
_
_
_
_
_
_
plank out of before someone else
0%
The shaira law says that the victims _
_
_
_
_
_
_
acept _
_
_
_
_
_
_
_
_
and be let off with cp
family can blood money
0%
The hadith says that _
_
_
_
_
_
sentenced may to _
_
_
_
_
_
muhhamed cp
0%
Jesus said that you will only be _
_
_
_
_
if you forgive
forgiven
0%
The old testiment says that thoses who _
_
_
_
_
_
_
_
_
_
shoul be _
_
_
_
_
_
kill killed
0%
St paul said that_
_
_
_
_
_
_
_
shouldnt be replaced _
_
_
_
_
_
only _
_
has the right to _
_
_
_
_
_
_
evil with evil god revenge
0%
Muhhamed said that muslims should have _
_
_
_
_
_
_
_
_
_
_
_
_
_
_
the sale drinking or production of alcohol
nothing to do with
0%
in haddith _
_
_
_
_
_
_
in_
_
_
_
_
_
_
_
_
_
_
got rid of ahlcohol under the _
_
_
_
_
of muhhamed
muslims mecca leadership
0%
tobacco isnt specifically _
_
_
_
_
_
_
_
in the _
_
_
_
_
_
_
_
_
_
so is unencourged
mentioned quran
0%
muhhammed banned drugs and alcohol as it is wrong to _
_
_
_
_
_
_
_
_
_
_
yourself
harm
0%
St paul said that _
_
_
_
_
_
_
_
are _
_
_
_
_
_
_
_
of the holy spirit and _
_
_
_
_
_
_
_
_
abused
our bodies temples shouldnt be
0%
jesus said to timmothy that he could _
_
_
_
_
_
_
stomach
take a little wine
0%
jesus was offered wine on the cross and he _
_
_
_
_
_
_
_
sipped it
0%
old testement teaches that _
_
_
_
_
_
_
_
_
_
stops people thinking properly and making_
_
_
_
_
_
_
_
_
_
_
alcohol moral decisions
0%
Some catholics are against cp because
sets a bad example
0%
Quiz Playlist
Details
Report
Send in Message
Add To Playlist
Classic:
Type in answers that appear in a list
Random Order:
Randomize order of answers
Last Updated: Feb 16, 2017
Quiz Scoreboard
CHALLENGE
Sign Up to Join the Scoreboard
Show All
Scores
Hide
Comments
May contain spoilers
Recently Published
5x2 Blitz: Bands
by SL_Kpop136
Music
30s
Colored Red Africa Blitz
by spor1
Geography
30s
Find the 'City' Movie
by crazypaving
Movies
60s
More to Explore
Quiz From the Vault
Featured Blog Post
14 Easter Pick-up Lines to Find Eggs With
hide this ad
You Might Also Like...
Tags
Revision
Today's Top Quizzes in Religion
Browse Religion
hide this ad
Top Contributed Quizzes in Religion
1
Christmas Pick: Judaism
2
Christmas Pick: Islam
3
Christmas Pick: World Religions
4
Longevity in the Bible
5
Christmas Pick: Religious Music
6
Christmas Pick: Scripture
7
Mythological Creature Bunker
8
Surahs of the Quran with meaning Part 1
9
One Thing in Common: Mythology
10
99 names of Allah
Explore More
Trending Topics
NBA
Crossword
Anime
Harry Potter
Disney
Marvel
Kpop
NFL
Country
Soccer
Puzzle
Song
Pokémon
The Office
WWE
hide this ad
More By:
lidibob
Quiz
Plays
Rating
Category
Featured
Created
Fill the JLS Factfile
873
2.25
Music
Dec 13, 2011
biology quiz
320
2.67
Science
Dec 24, 2011
Missing word: Frozen film quotes, food themed
78
3.33
Movies
Mar 13, 2018
Physics test
23
2.67
Science
Jan 23, 2012
Re revision quiz
13
1.80
Religion
Dec 23, 2011
Go to Creator's Profile
Score Distribution
Quiz Creator Spotlight
lidibob
Follow
Send a Message
Quizzes Created
-
Created Quiz Play Count
-
More By This Creator
Popular Quizzes Today
1
Find the 'City' Movie
2
Colored Red Africa Blitz
3
Find the US States - No Outlines Minefield
4
5x2 Blitz: Bands
5
The Countries of the World
6
Find the US States
7
US States
8
9x9 Crossword: Cartoon Network
More Religion Quizzes
More Mythology by Emoji
Quiz Lab
Trending Quizzes
Colored Red Europe Blitz I
Colored Red Africa Blitz II
Colored Red Europe Blitz II
Colored Red Africa Blitz III
Colored Red Europe Blitz III
Recently Updated
2024 March Madness Bracket
pecheneg
Famous TV Couples
Peacemaker
Champions League XIs: Real Madrid
pecheneg
Largest US Cities 1790-2010
pecheneg
Rides in Walt Disney World
pecheneg
Most Oscar Losses (Acting)
pecheneg
Beyoncé Albums
pecheneg
Leaping Animals
pecheneg
Reality TV Shows (A-Z)
bhenderson79
Rickey Henderson's Hall of Fame Teammates
pecheneg
Trending Topics
Crossword
Harry Potter
Disney
NBA
Marvel
Kpop
Anime
NFL
Song
WWE
Country
Soccer
Pokémon
The Office
Puzzle
Your Account Isn't Verified!
In order to create a playlist on Sporcle, you need to verify the email address you used during registration. Go to your
Sporcle Settings
to finish the process.
Report this User
Report this user for behavior that violates our
Community Guidelines
.
Details:
Send Report
Go to the Sporcle.com Mobile Site →
Comments